[Event "IRI-ch U14"]
[Site "Chess.com INT"]
[Date "2021.01.16"]
[Round "10"]
[White "Jahantighi, Bardia"]
[Black "Ranjbar, Mohammad"]
[Result "1-0"]
[WhiteElo "1230"]
[BlackElo "1699"]
[PlyCount "135"]
[EventDate "2021.01.16"]
[EventType "swiss"]
[EventRounds "11"]
[EventCountry "IRI"]
[SourceTitle "EXT 2022"]
[Source "ChessBase"]
[SourceDate "2021.10.06"]
[SourceVersion "1"]
[SourceVersionDate "2021.10.06"]
[SourceQuality "1"]

1. e4 c5 2. d4 cxd4 3. c3 d5 4. exd5 Qxd5 5. Qxd4 Qxd4 6. cxd4 Nf6 7. Nc3 e6 8. Nf3 Be7 9. Bb5+ Bd7 10. Bxd7+ Nbxd7 11. 0-0 0-0 12. Bg5 a6 13. Ne5 Nb6 14. Rfd1 Rfd8 15. h3 Nbd5 16. Nxd5 Nxd5 17. Bxe7 Nxe7 18. Rac1 f6 19. Nc4 Nc6 20. Nb6 Rab8 21. d5 exd5 22. Nxd5 Rd6 23. Ne7+ Kf7 24. Rxd6 Kxe7 25. Rd3 Kf7 26. Rb3 Na5 27. Rb6 Rd8 28. b4 Nc6 29. Rxb7+ Ne7 30. Re1 Re8 31. a4 Kf8 32. b5 axb5 33. axb5 Nf5 34. Rxe8+ Kxe8 35. b6 Kd8 36. Rc7 h6 37. Rc5 Nd6 38. f3 f5 39. Kf2 f4 40. Ke2 g6 41. Kd3 Kd7 42. Kd4 g5 43. Kd5 Nc8 44. Rxc8 Kxc8 45. Ke5 Kb7 46. Kf5 Kxb6 47. Kg6 Kc6 48. Kxh6 Kd6 49. Kxg5 Ke5 50. h4 Ke6 51. Kxf4 Kf6 52. g4 Kg6 53. Ke5 Kh6 54. f4 Kg7 55. f5 Kf7 56. g5 Kg7 57. h5 Kh7 58. f6 Kg8 59. g6 Kh8 60. h6 Kg8 61. f7+ Kf8 62. h7 Kg7 63. h8Q+ Kxg6 64. Qf6+ Kh7 65. f8N+ Kg8 66. Qg6+ Kxf8 67. Qh7 Ke8 68. Ke6 1-0

[Event "IRI-ch U14"]
[Site "Chess.com INT"]
[Date "2021.01.16"]
[Round "8"]
[White "Mokhtari Moghadam, Taha"]
[Black "Ranjbar, Mohammad"]
[Result "1-0"]
[WhiteElo "1976"]
[BlackElo "1699"]
[PlyCount "56"]
[EventDate "2021.01.16"]
[EventType "swiss"]
[EventRounds "11"]
[EventCountry "IRI"]
[SourceTitle "EXT 2022"]
[Source "ChessBase"]
[SourceDate "2021.10.06"]
[SourceVersion "1"]
[SourceVersionDate "2021.10.06"]
[SourceQuality "1"]

1. Nf3 Nf6 2. c4 g6 3. Nc3 Bg7 4. e4 d6 5. d4 0-0 6. Be2 c5 7. 0-0 cxd4 8. Nxd4 Nc6 9. Be3 a6 10. f3 Qc7 11. Rc1 b6 12. Nd5 Qb7 13. Nxc6 e6 14. Nxf6+ Bxf6 15. Nd4 Bd7 16. Qd2 Rfd8 17. Bg5 Bxg5 18. Qxg5 e5 19. Nf5 Bxf5 20. exf5 f6 21. Qxf6 gxf5 22. Qxf5 Rd7 23. Bd3 Rf8 24. Qe6+ Rff7 25. Be4 Qc7 26. Bd5 Kg7 27. Qg4+ Kf6 28. f4 e4 1-0

[Event "IRI-ch U14"]
[Site "Chess.com INT"]
[Date "2021.01.16"]
[Round "11"]
[White "Ranjbar, Mohammad"]
[Black "Arabi, Hirad"]
[Result "1-0"]
[WhiteElo "1699"]
[BlackElo "1314"]
[PlyCount "73"]
[EventDate "2021.01.16"]
[EventType "swiss"]
[EventRounds "11"]
[EventCountry "IRI"]
[SourceTitle "EXT 2022"]
[Source "ChessBase"]
[SourceDate "2021.10.06"]
[SourceVersion "1"]
[SourceVersionDate "2021.10.06"]
[SourceQuality "1"]

1. e4 e6 2. d4 d5 3. e5 c5 4. c3 Nc6 5. Nf3 Qb6 6. Be2 Nge7 7. dxc5 Qxc5 8. Be3 Qa5 9. 0-0 Ng6 10. Bd4 Qc7 11. Bb5 Bd7 12. Bxc6 bxc6 13. Kh1 c5 14. Be3 Nxe5 15. Bf4 Bd6 16. Nbd2 Nc6 17. Bxd6 Qxd6 18. c4 d4 19. Ne4 Qe7 20. Ne1 0-0 21. Nd3 f5 22. Nexc5 Rf6 23. Qf3 e5 24. Qd5+ Be6 25. Qxc6 Rc8 26. Qb7 Rc7 27. Qb8+ Rc8 28. Qxe5 Rh6 29. Rae1 Qh4 30. Nxe6 Re8 31. Ndc5 Re7 32. h3 g5 33. Qb8+ Kf7 34. Qf8+ Kg6 35. Qxe7 g4 36. Qg7+ Kh5 37. Nf4# 1-0